000 00938nam a2200241 i 4500
001 168748
003 ES-MaACL
005 20230906213857.0
008 080530s1977 sp a |||| | spa d
020 _a84-85197-08-9
080 _a264.02-12:091
245 0 3 _aEl Missal de Santa Eulàlia
_b: el Missal de Santa Eulàlia de la catedral de Barcelona: el llibre i el seu contingut, pel doctor Àngel Fàbrega i Grau. La decoració i la il.lustració del Missal de Santa Eulàlia, pel professor Pere Bohigas i Balaguer.
260 _aMadrid :
_bEdilán,
_c1977.
300 _a142 p. :
_bil. col. ;
_c35 cm.
500 _aLáminas: p.93-139.
504 _aBibliografía.
546 _aTexto paralelo en catalán y castellano.
650 1 4 _aMisales.
_9137840
700 1 _aFábrega Grau, Ángel.
_9137841
700 1 _aBohigas, Pere (
_d1991-2003)
_929820
710 2 _aCatedral de Barcelona.
_9137842
852 _aES-MaACL
_jL-29432
999 _c168748
_d168748